000 00699nam a2200241Ia 4500
003 OSt
005 20220918204358.0
006 a|||||r|||| 00| 0
007 ta
008 220917b |||||||| |||| 00| 0 eng d
024 _a112,405
037 _cTextual
040 _aARTS
_cARTS
_beng
041 _2eng
_aeng
082 _aV52:3(MY4).N45<-N22, M1
100 _aDe Grazia Victoria
_9111811
245 0 _aCulture of consent
_b mass organization of leisure in fasciast Italy
260 _aCambridge
_bCUP
_c1981
300 _ax,310p. illus
_ccm.
650 _aHISTORY
942 _hV52:3(MY4).N45<-N22, M1
_cTEXL
_2CC
999 _c235754
_d235754